000 00649cam a2200229 4500
008 090401t1990 xxu||||| |||| 00| 0 eng d
020 _a0854064842
035 _a(Sirsi) u52496
041 0 _aeng
050 0 4 _a658.990285 $2 18
090 _aRICS 1990/78ABCD
100 1 _aYoung, B. A.
245 0 0 _aInformation technology
_bits impact on job content, skills and knowledge for construction management
260 _aLondon
_bRICS Books
_c1990
300 _a15p.
_c30cm.
350 _a7.95
490 0 _aRICS Occasional Paper
651 4 _aUnited Kingdom
_y
690 _aConstruction management
_96230
942 _n0
948 _c04/03/1997
999 _c93090
_d93090